ბათუმის შოთა რუსთაველის სახელმწიფო უნივერსიტეტის ბიბლიოთეკა

წელიწდეული VI : (ბიბ.ჩანაწერი № 50908)

000 -ლიდერი
ფიქსირებული სიგრძის საკონტროლო ველი 01644nam a2200241Ia 4500
001 - საკონტროლო ნომერი
საკონტროლო ველი 17863
003 - საკონტროლო ნომრის იდენტიფიკატორი
საკონტროლო ველი GE_BSU
005 - ბოლო ოპერაციის თარიღი და დრო
საკონტროლო ველი 20230425103759.0
008 - ფიქსირებული სიგრძის მონაცემთა ელემენტები - ზოგადი ინფორმაცია
ფიქსირებული სიგრძის საკონტროლო ველი 181216s2014ge xx |||||||||||||| ||geo||
040 ## - კატალოგიზაციის წყარო
Transcribing agency GE_BSU
041 ## - ენის კოდი
Language code of text/sound track or separate title geo
080 ## - უნივერსალური ათობითი კლასიფიკაციის ინდექსი
Universal Decimal Classification number 81(058)+82+39+94(058) წ-35
245 ## - ცნობა სათაურის შესახებ
Title წელიწდეული VI :
Remainder of title ეძღვნება ქართველთა და ებრაელთა ურთიერთობის 26-საუკუნოვან ისტორიას : Dedicated to the 26Century-old History of the Relations of the Georgian and Jewish Peoples /
Statement of responsibility, etc მთ.რედ. ტ. ფუტკარაძე ; მთარგმნ. ნ.უგულავა.
264 ## - წარმოების, გამოცემის, დისტრიბუციის და სხვა ცნობები
გამოცემის, წარმოების, დისტრიბუციის... ადგილი ქუთაისი :
გამოცემის, წარმოების, დისტრიბუციის... სახელწოდება საგამომც.ცენტრი "ქუთაისი',
გამოცემის, წარმოების, დისტრიბუციის... თარიღი 2014.
300 ## - ფიზიკური აღწერა
Extent 403 გვ. :
Dimensions 2 4სმ.
653 ## - INDEX TERM--UNCONTROLLED
Uncontrolled term ეძღვნება ქართველთა და ებრაელთა ურთიერთობის 26-საუკუნოვან ისტორიას
653 ## - INDEX TERM--UNCONTROLLED
Uncontrolled term საერთაშორისო კონფერენციაზე წაკითხული მოხსენებები
653 ## - INDEX TERM--UNCONTROLLED
Uncontrolled term წელიწდეული
700 ## - ADDED ENTRY--PERSONAL NAME
Personal name ფუტკარაძე, ტ
Relator term მთავარი რედაქტორი
9 (RLIN) 7500
700 ## - ADDED ENTRY--PERSONAL NAME
Personal name უგულავა, ნ
Relator term მთარგმნელი
9 (RLIN) 7501
710 ## - ADDED ENTRY--CORPORATE NAME
Corporate name or jurisdiction name as entry element ქუთაისის ილია ჭავჭავაძის სახელობის სამეცნიერო ბიბლიოთეკა
9 (RLIN) 7502
942 ## - ADDED ENTRY ELEMENTS (KOHA)
Koha item type წიგნი
Source of classification or shelving scheme
ეგზემპლარები
ჩამოწერის სტატუსი დაკარგული ეგზემპლარის სტატუსი კლასიფიკაციის წყარო ან თაროზე გაწყობის სქემა დაზიანების სტატუსი არ გაიცემა მუდმივი მდებარეობა (დაცვის ადგილი) ამჟამინდელი ადგილსამყოფელი თაროზე განთავსების ადგილი შეძენის თარიღი ღირებულება, შესყიდვის ნორმალური ფასი სრული შენახვის შიფრი შტრიხკოდი ბოლო ოპერაციის თარიღი ეგზემპლარის მიმდევრობითი ნომერი (კეტერი?) ფასის ძალაში შესვლის თარიღი ეგზემპლარის სახეობა საჯარო შენიშვნა
          ბათუმის შოთა რუსთაველის სახელმწიფო უნივერსიტეტის მთავარი ბიბლიოთეკა ბათუმის შოთა რუსთაველის სახელმწიფო უნივერსიტეტის მთავარი ბიბლიოთეკა წიგნსაცავი 2018-12-17 5.00 81(058)+82+39+94(058) წ-35 45729 2018-12-17 45729 2018-12-17 წიგნი 5.00
          ბათუმის შოთა რუსთაველის სახელმწიფო უნივერსიტეტის მთავარი ბიბლიოთეკა ბათუმის შოთა რუსთაველის სახელმწიფო უნივერსიტეტის მთავარი ბიბლიოთეკა წიგნსაცავი 2018-12-17 5.00 81(058)+82+39+94(058) წ-35 58130 2018-12-17 58130 2018-12-17 წიგნი 5.00